ENSKLOPEDIA KHASIAT DAN FADHILAT AYAT-AYAT SUCI AL-QURAN (114 Surah) / (Record no. 191122)
[ view plain ]
| 000 -LEADER | |
|---|---|
| fixed length control field | 01114nam a2200301 i 4500 |
| 003 - CONTROL NUMBER IDENTIFIER | |
| control field | OSt |
| 005 - DATE AND TIME OF LATEST TRANSACTION | |
| control field | 20230124124505.0 |
| 007 - PHYSICAL DESCRIPTION FIXED FIELD--GENERAL INFORMATION | |
| fixed length control field | ta |
| 008 - FIXED-LENGTH DATA ELEMENTS--GENERAL INFORMATION | |
| fixed length control field | 230115s2019 my ||||g |||| 00| 0 may d |
| 020 ## - INTERNATIONAL STANDARD BOOK NUMBER | |
| International Standard Book Number | 9789832951162 |
| Terms of availability | RM35.00 |
| Qualifying information | paperback |
| 040 ## - CATALOGING SOURCE | |
| Original cataloging agency | PPAK |
| Language of cataloging | eng |
| Transcribing agency | PPAK |
| Description conventions | rda |
| 082 04 - DEWEY DECIMAL CLASSIFICATION NUMBER | |
| Edition number | 23 |
| Classification number | 297.122861 |
| 090 00 - LOCALLY ASSIGNED LC-TYPE CALL NUMBER (OCLC); LOCAL CALL NUMBER (RLIN) | |
| Classification number (OCLC) (R) ; Classification number, CALL (RLIN) (NR) | 297.122861 |
| Feature heading | ABU |
| Feature heading | G |
| 100 0# - MAIN ENTRY--PERSONAL NAME | |
| Personal name | Abu Al-Baqir, |
| Relator term | author |
| -- | compiler. |
| Fuller form of name | (Ustaz Mohd Fadil Bin Ariffin Bin Syeikh Abu Bakar Bin Syeikh Abd. Rahman Tok Gudang Al-Fathani ) |
| 245 10 - TITLE STATEMENT | |
| Title | ENSKLOPEDIA KHASIAT DAN FADHILAT AYAT-AYAT SUCI AL-QURAN (114 Surah) / |
| Statement of responsibility, etc. | ABU AL-BAQIR ; Compiler: Abu Al-Baqir |
| 250 ## - EDITION STATEMENT | |
| Edition statement | Edisi Terbaru |
| 264 #1 - PRODUCTION, PUBLICATION, DISTRIBUTION, MANUFACTURE, AND COPYRIGHT NOTICE | |
| Place of production, publication, distribution, manufacture | Kota Bharu, Kelantan : |
| Name of producer, publisher, distributor, manufacturer | Al Baqir Enterprise, |
| Date of production, publication, distribution, manufacture, or copyright notice | 2019 |
| 300 ## - PHYSICAL DESCRIPTION | |
| Extent | 276 pages : |
| Dimensions | 21 cm. |
| 336 ## - CONTENT TYPE | |
| Content type term | text |
| Source | rdacontent |
| 337 ## - MEDIA TYPE | |
| Media type term | unmediated |
| Source | rdamedia |
| 338 ## - CARRIER TYPE | |
| Carrier type term | volume |
| Source | rdacarrier |
| 490 1# - SERIES STATEMENT | |
| Series statement | Siri Perubatan Islam |
| 500 ## - GENERAL NOTE | |
| General note | Contain verses from the Al-Quran and quotes from the Hadith. |
| 650 10 - SUBJECT ADDED ENTRY--TOPICAL TERM | |
| Topical term or geographic name entry element | Medicine in the Qur'an |
| Topical term or geographic name entry element | Medicine |
| General subdivision | Formulae, receipts, prescriptions |
| 830 #0 - SERIES ADDED ENTRY--UNIFORM TITLE | |
| Uniform title | Siri Perubatan Islam |
| 942 ## - ADDED ENTRY ELEMENTS (KOHA) | |
| Source of classification or shelving scheme | Dewey Decimal Classification |
| Koha item type | Book |
| Withdrawn | Not for loan | Current library | Shelving location | Date acquired | Total Checkouts | Full call number | Barcode | Date last seen | Koha item type | Date last checked out | Total Renewals |
|---|---|---|---|---|---|---|---|---|---|---|---|
| Perpustakaan Alor Setar | Pinjaman Dewasa | 06/04/2023 | 297.122861 ABU | A01773534 | 06/04/2023 | Book | |||||
| Perpustakaan Awam Sungai Petani | Pinjaman Dewasa | 06/04/2023 | 2 | 297.122861 ABU | A01773535 | 18/05/2025 | Book | 28/04/2025 | |||
| Perpustakaan Baling | Pinjaman Dewasa | 06/04/2023 | 297.122861 ABU | A01773539 | 06/04/2023 | Book | |||||
| Perpustakaan Bandar Baharu | Pinjaman Dewasa | 06/04/2023 | 297.122861 ABU | A01773540 | 06/04/2023 | Book | |||||
| Perpustakaan Jitra | Pinjaman Dewasa | 06/04/2023 | 297.122861 ABU | A01773536 | 06/04/2023 | Book | |||||
| Perpustakaan Kuala Nerang | Pinjaman Dewasa | 06/04/2023 | 297.122861 ABU | A01773544 | 06/04/2023 | Book | |||||
| Perpustakaan Kulim | Pinjaman Dewasa | 06/04/2023 | 1 | 297.122861 ABU | A01773538 | 04/03/2024 | Book | 20/01/2024 | 1 | ||
| Perpustakaan Langkawi | Pinjaman Dewasa | 06/04/2023 | 297.122861 ABU | A01773537 | 06/04/2023 | Book | |||||
| Perpustakaan Merbok | Pinjaman Dewasa | 06/04/2023 | 297.122861 ABU | A01773541 | 06/04/2023 | Book | |||||
| Perpustakaan Pendang | Pinjaman Dewasa | 06/04/2023 | 297.122861 ABU | A01773545 | 06/04/2023 | Book | |||||
| Perpustakaan Sik | Pinjaman Dewasa | 06/04/2023 | 297.122861 ABU | A01773543 | 06/04/2023 | Book | |||||
| Perpustakaan Yan | Pinjaman Dewasa | 06/04/2023 | 297.122861 ABU | A01773542 | 06/04/2023 | Book | |||||
| PD06, Kg. Kepala Bukit, Pendang | Pinjaman Dewasa | 06/04/2023 | 297.122861 ABU | A01773546 | 06/04/2023 | Book |